| 000 | 00645nam a2200193Ia 4500 | ||
|---|---|---|---|
| 008 | 140609s9999 xx 000 0 und d | ||
| 020 | _a9788120322547 | ||
| 050 |
_aHD 30.28 _b.G231 2003 |
||
| 100 | _aGarg, Vinod Kumar. | ||
| 245 |
_aEnterprise resource planning : _bconcepts and practice / _c Vinod Kumar Garg, N. K. Venkitakrishnan |
||
| 250 | _a2nd ed. | ||
| 260 |
_aNew Delhi : _bPrentice-Hall of India Private Limited, _cc2003. |
||
| 300 |
_a185 p. : _bill. ; _c24 cm. |
||
| 500 | _aIncludes appendix, bibliographical references and index. | ||
| 521 | _aBSBA | ||
| 650 | _aStrategic planning. | ||
| 942 |
_kFOR _cBK |
||
| 999 |
_c117923 _d117923 |
||